000 00459nam a2200181Ia 4500
005 20260429112214.0
008 260429s9999||||xx |||||||||||||| ||und||
020 _a9789355245250
041 _aEnglish
082 _a572
_bSAR
100 _aSaraswat, Vasudev
245 0 _aAdvances in biochemistry /
_cVasudev Saraswat
250 _a1st ed.
260 _aJaipur :
_bOxford,
_c2025.
300 _aviii, 280 p.; hb
650 _aBiochemistry
942 _cTB
999 _c52887
_d52887